Organismos genéticamente modificados (Record no. 67687)

MARC details
000 -LEADER
campo de control de longitud fija 00610nam a2200181 i 4500
001 - NÚMERO DE CONTROL
campo de control 67687
003 - IDENTIFICADOR DE NÚMERO DE CONTROL
campo de control ES-MaACL
005 - FECHA Y HORA DE LA ÚLTIMA TRANSACCIÓN
campo de control 20230906170130.0
007 - CAMPO FIJO DE DESCRIPCIÓN FÍSICA--INFORMACIÓN GENERAL
campo de control de longitud fija t|
008 - DATOS DE LONGITUD FIJA--INFORMACIÓN GENERAL
campo de control de longitud fija 040610s2003 cl ||||1| spa d
020 ## - NÚMERO INTERNACIONAL ESTÁNDAR DEL LIBRO
Número Internacional Estándar del Libro 956-8134-19-0
080 ## - NÚMERO DE LA CLASIFICACIÓN DECIMAL UNIVERSAL
Número de la Clasificación Decimal Universal 572.2.084
245 00 - MENCIÓN DEL TÍTULO
Título Organismos genéticamente modificados
Resto del título : transgénicos ¿progreso o peligro? : selección de artículos publicados en "Le Monde Diplomatique".
260 ## - PUBLICACIÓN, DISTRIBUCIÓN, ETC.
Lugar de publicación, distribución, etc. Santiago de Chile :
Nombre del editor, distribuidor, etc. Aún Creemos en los Sueños,
Fecha de publicación, distribución, etc. [2003]
300 ## - DESCRIPCIÓN FÍSICA
Extensión 75 p. ;
Dimensiones 21 cm.
650 14 - PUNTO DE ACCESO ADICIONAL DE MATERIA--TÉRMINO DE MATERIA
Término de materia o nombre geográfico como elemento de entrada Organismos transgénicos.
9 (RLIN) 15758
852 ## - LOCALIZACIÓN
Ubicación ES-MaACL
Número de control de estantería L-27871
Sublocalización o colección R.133441
Holdings
Estatus retirado Estado de pérdida Estado de daño No para préstamo Biblioteca de origen Biblioteca actual Ubicación en estantería Fecha de adquisición Fuente de adquisición Total de préstamos Signatura topográfica completa Código de barras Visto por última vez Precio de reemplazo Tipo de ítem Koha
        Biblioteca del Ateneo de Madrid Biblioteca del Ateneo de Madrid Depósito 2 17/01/2008     L-27871 1070868 23/02/2023 23/02/2023 Libro impreso